Kỹ thuật thâm nhập và sử dụng - sửa chữa - cài đặt các đời điện thoại Nokia 2G - 3G

Sách hướng dẫn các kỹ thuật thâm nhập khai thác các tính năng của điện thoại Nokia, cũng như cách cài đặt và sửa chữa điện thoại này.

Сохранить в:
Библиографические подробности
Главный автор: Nguyễn, Nam Thuận
Формат:
Язык:Undetermined
Опубликовано: Thành phố Hồ Chí Minh Hồng Đức 2010
Предметы:
Метки: Добавить метку
Нет меток, Требуется 1-ая метка записи!
Thư viện lưu trữ: Trung tâm Học liệu Trường Đại học Cần Thơ
LEADER 00912nam a2200205Ia 4500
001 CTU_158573
008 210402s9999 xx 000 0 und d
020 |c 64000 
082 |a 621.3845 
082 |b Th502 
100 |a Nguyễn, Nam Thuận 
245 0 |a Kỹ thuật thâm nhập và sử dụng - sửa chữa - cài đặt các đời điện thoại Nokia 2G - 3G 
245 0 |c Nguyễn Nam Thuận và Nhóm Tin học thực dụng 
260 |a Thành phố Hồ Chí Minh 
260 |b Hồng Đức 
260 |c 2010 
520 |a Sách hướng dẫn các kỹ thuật thâm nhập khai thác các tính năng của điện thoại Nokia, cũng như cách cài đặt và sửa chữa điện thoại này. 
650 |a Cell phones 
904 |i Bạch Trúc 
980 |a Trung tâm Học liệu Trường Đại học Cần Thơ